Discrete mathematics with algorithms (Record no. 301)

MARC details
000 -LEADER
Fixed length control field 00497nam a22001817a 4500
003 - CONTROL NUMBER IDENTIFIER
Control field SEACOMMC
005 - DATE AND TIME OF LATEST TRANSACTION
Control field 20231109055438.0
008 - FIXED-LENGTH DATA ELEMENTS--GENERAL INFORMATION
Fixed length control field 231109b |||||||| |||| 00| 0 eng d
020 ## - INTERNATIONAL STANDARD BOOK NUMBER / ISBN
Price Rs. 395.00
040 ## - CATALOGING SOURCE
Original cataloging agency SEACOMMC
082 ## - DEWEY DECIMAL CLASSIFICATION NUMBER
Classification number 510
Book Number ALB
100 1# - MAIN ENTRY--PERSONAL NAME
Personal name Albertson, Michael O.
245 1# - TITLE STATEMENT
Title Discrete mathematics with algorithms
Statement of responsibility Michael O. Albertson and Joan P. Hutchinson
260 ## - IMPRINT
Place of publication Singapore
Name of publisher John Wiley
Date of publication 2003
650 ## - SUBJECT ADDED ENTRY--TOPICAL TERM
Topical term Mathematics
700 1# - ADDED ENTRY--PERSONAL NAME
Personal name Hutchinson, Joan P.
942 ## - ADDED ENTRY ELEMENTS (KOHA)
Koha item type Books
Holdings
Withdrawn status Lost status Source of classification Damaged status Not for loan Home library Current library Date acquired Total Checkouts Call number Accession number Date last seen Price effective from Koha item type
    Dewey Decimal Classification     SEACOM MANAGEMENT COLLEGE SEACOM MANAGEMENT COLLEGE 07/09/2006   510 ALB 05474 09/11/2023 09/11/2023 Books
© Seacom Engineering College, All rights reserved.    Powered by Koha